| 000 | 00962nam a22003377a 4500 | ||
|---|---|---|---|
| 001 | 0007357 | ||
| 003 | KOHA_MİRAKIL | ||
| 005 | 20260207001555.0 | ||
| 007 | ta | ||
| 008 | 101101b2008 tu |||gr||||#||||0|tur | | ||
| 020 | _a9752958583 | ||
| 040 |
_aTR-BiSEU _btur _cTR-BiSEU _erda |
||
| 041 | 0 | _atur | |
| 044 | _ctu | ||
| 050 |
_aHB171.5 _b.E78 2008 |
||
| 100 | 1 | _aErtek, Tümay. | |
| 245 | 1 |
_aMeslek Yüksek Okulları için İktisada Giriş/ _cTümay Ertek ; Tümay Ertek. |
|
| 264 | 1 |
_aİstanbul : _bBeta _c2008 |
|
| 300 | _a171 sayfa | ||
| 336 |
_ametin _btxt _2rdacontent |
||
| 337 |
_aaracısız _bn _2rdamedia |
||
| 338 |
_acilt _bnc _2rdacarrier |
||
| 490 | 0 | _aYayın no: 1960 . | |
| 490 | 0 | _aİşletme Ekonomi dizisi: 260. | |
| 500 | _aKaynakça ve dizin var. | ||
| 650 | 0 |
_aEkonomi. _93230 |
|
| 650 | 0 |
_aEconomics. _97142 |
|
| 830 | 0 |
_aYayın no: 1960 . _918320 |
|
| 830 | 0 |
_aİşletme Ekonomi dizisi: 260. _918321 |
|
| 942 |
_2lcc _cBK |
||
| 999 |
_c7336 _d7336 |
||